000 00427cam a2200181ua 4500
020 _c4.00
041 _ahin
_h
082 _a891.54
_bSAT/KA
100 _aSatya prakash, Sangar .
245 _aKali muskrai /
_cSatya prakash sangar.
_hTextual Documents
250 _a2 /
_b.
260 _a :
_bVijay prakashan ,
_c1963.
300 _a201 ; .
365 _a4.00
504 _a
942 _cBK
999 _c8333
_d8333